[Event "Romanian Open 2021"]
[Site "Alba Iulia"]
[Date "2021.11.25"]
[Round "7.9"]
[White "Arion, Ilie"]
[Black "Maria, Lia-Alexandra"]
[Result "0-1"]
[WhiteElo "1758"]
[BlackElo "1784"]
[Annotator "NA"]
[PlyCount "98"]
[EventDate "2021.11.21"]
[EventType "swiss"]
[EventCountry "ROU"]
[SourceTitle "playchess.com"]
[Source "ChessBase"]
[SourceQuality "1"]
[TimeControl "5400+30"]

1. d4 {[%emt 0:00:55]} Nf6 {[%emt 0:00:07]} 2. c4 {[%emt 0:00:07]} e6 {[%emt 0:00:04]} 3. g3 {[%emt 0:00:15]} c5 {[%emt 0:00:07]} 4. d5 {[%emt 0:00:25]} exd5 {[%emt 0:00:31]} 5. cxd5 {[%emt 0:00:16]} d6 {[%emt 0:00:07]} 6. Bg2 {[%emt 0:00:44]} g6 {[%emt 0:00:36]} 7. Nf3 {[%emt 0:01:30]} Bg7 {[%emt 0:00:17]} 8. O-O {[%emt 0:00:28]} Nbd7 {[%emt 0:00:57]} 9. Nc3 {[%emt 0:00:40]} a6 {[%emt 0:02:05]} 10. a4 {[%emt 0:00:33]} O-O {[%emt 0:00:35]} 11. Nd2 {[%emt 0:00:48]} Re8 {[%emt 0:03:16]} 12. h3 {[%emt 0:03:01]} Qc7 {[%emt 0:01:32]} 13. Nc4 {[%emt 0:03:51]} Rb8 {[%emt 0:03:03]} 14. Qb3 {[%emt 0:08:11]} b6 {[%emt 0:02:15]} 15. e4 {[%emt 0:10:57]} Ne5 {[%emt 0:04:56]} 16. Nxe5 {[%emt 0:06:52]} dxe5 {[%emt 0:00:31]} 17. Qc4 {[%emt 0:03:27]} Bb7 {[%emt 0:05:11]} 18. Be3 {[%emt 0:04:50]} Nd7 {[%emt 0:02:18]} 19. f4 {[%emt 0:04:47]} Kh8 {[%emt 0:02:43]} 20. Rad1 {[%emt 0:02:09]} Qd6 {[%emt 0:01:27]} 21. f5 {[%emt 0:01:32]} Bc8 {[%emt 0:02:20]} 22. g4 {[%emt 0:03:33]} b5 {[%emt 0:00:53]} 23. Qd3 {[%emt 0:05:31]} b4 {[%emt 0:01:22]} 24. Ne2 {[%emt 0:00:41]} a5 {[%emt 0:00:30]} 25. Qd2 {[%emt 0:00:36]} Ba6 {[%emt 0:00:56]} 26. Rf2 {[%emt 0:01:04]} Nb6 {[%emt 0:00:58]} 27. Bh6 {[%emt 0:02:33]} Nc4 {[%emt 0:01:39]} 28. Bxg7+ {[%emt 0:00:36]} Kxg7 {[%emt 0:00:08]} 29. f6+ {[%emt 0:00:08]} Kh8 {[%emt 0:00:09]} 30. Qc1 {[%emt 0:03:28]} Nb6 {[%emt 0:01:29]} 31. Ng3 {[%emt 0:03:19]} Nxa4 {[%emt 0:02:37]} 32. Qh6 {[%emt 0:02:39]} Qf8 {[%emt 0:00:56]} 33. Qh4 {[%emt 0:01:16]} c4 {[%emt 0:00:52]} 34. Nf5 {[%emt 0:05:36]} gxf5 {[%emt 0:03:07]} 35. Rxf5 {[%emt 0:00:17]} c3 {[%emt 0:01:10]} 36. Rh5 {[%emt 0:00:23]} Qg8 {[%emt 0:00:09]} 37. Rg5 {[%emt 0:00:08]} c2 {[%emt 0:03:08]} 38. Rxg8+ {[%emt 0:01:13]} Rxg8 {[%emt 0:00:07]} 39. Rc1 {[%emt 0:02:10]} b3 {[%emt 0:00:26]} 40. Qh5 {[%emt 0:02:02]} Nxb2 {[%emt 0:06:01]} 41. Qxf7 {[%emt 0:00:42]} Nd3 {[%emt 0:01:36]} 42. Qe7 {[%emt 0:01:34]} b2 {[%emt 0:01:31]} 43. Rf1 {[%emt 0:00:54]} c1=Q {[%emt 0:01:30]} 44. f7 {[%emt 0:02:07]} Qh6 {[%emt 0:01:15]} 45. fxg8=Q+ {[%emt 0:00:54]} Rxg8 {[%emt 0:00:16]} 46. d6 {[%emt 0:00:28]} Qg5 {[%emt 0:03:26]} 47. Qxg5 {[%emt 0:02:14]} Rxg5 {[%emt 0:00:13]} 48. Rf8+ {[%emt 0:00:09]} Rg8 {[%emt 0:00:35]} 49. Rf1 {[%emt 0:00:15]} Nc1 {[%emt 0:00:23]} 0-1

[Event "Romanian Open 2021"]
[Site "Alba Iulia"]
[Date "2021.11.25"]
[Round "7.10"]
[White "Butolo, Alexandru-Mircea"]
[Black "Botea, David-Alexandru"]
[Result "1/2-1/2"]
[WhiteElo "1768"]
[BlackElo "2013"]
[Annotator "TA"]
[PlyCount "111"]
[EventDate "2021.11.21"]
[EventType "swiss"]
[EventCountry "ROU"]
[SourceTitle "playchess.com"]
[Source "ChessBase"]
[SourceQuality "1"]

{[%evp 10,111,11,18,29,18,37,37,41,33,87,88,82,96,103,103,104,104,93,95,98,55,51,40,47,34,65,51,69,53,45,58,17,22,222,229,227,196,240,8,8,8,8,8,10,8,8,4,14,14,15,0,0,0,0,0,0,0,0,-66,-8,-8,-8,-45,-47,-46,-45,-72,-30,-81,-46,-47,-41,-54,-28,-46,-8,-8,-8,-29,-14,-14,-8,-31,-33,-80,-80,-175,-156,-366,-332,-327,-312,-244,0,0,0,0,0,-8,-8,-8,-8,-8]} 1. e4 d6 2. d4 Nf6 3. Nc3 g6 4. f4 Bg7 5. a3 O-O 6. Nf3 c5 {B09: Pirc Defence: Austrian Attack.} 7. dxc5 dxc5 8. Qxd8 Rxd8 {White is slightly better.} 9. e5 Ng4 (9... Nd5 $14) 10. h3 $16 Nh6 {[#]} 11. g4 $146 ({Predecessor:} 11. Be3 b6 12. Bc4 Bb7 13. O-O Nf5 14. Rae1 Nc6 15. Ng5 e6 16. Bc1 Na5 17. Bd3 {½-½ (46) Jahn,C (2130)-Schoene,M (2190) Germany 2012}) 11... Nc6 12. Be3 b6 13. Bc4 Bb7 14. O-O Na5 15. Be2 f6 $1 16. b4 cxb4 17. axb4 Rac8 18. Nb5 $36 {[%mdl 2048] White has good play.} Nc4 19. Bxc4+ Rxc4 {[%mdl 64] Double Attack} 20. Rxa7 Bxf3 21. Rxf3 Rd1+ $2 (21... Rxb4 $11 {and Black stays safe.} 22. Nc7 fxe5) 22. Rf1 $18 Rxf1+ 23. Kxf1 Rxb4 24. Na3 (24. Nc7 $1 $18 fxe5 25. fxe5) 24... fxe5 $11 25. fxe5 {Threatens to win with e6.} Kf7 26. Ke2 Ng8 27. Kd3 {Strongly threatening Bd2.} Bxe5 28. Nc4 Bg3 29. Nxb6 Rb1 30. g5 h6 31. Nd5 hxg5 32. Bxg5 Rd1+ 33. Kc4 {[%cal Rd5e7]} Bf2 34. Be3 {[#]} ({White should play} 34. Ra5 $11) 34... Bxe3 (34... Rxd5 $1 $15 35. Bxf2 Rd2) 35. Nxe3 $15 {[%mdl 4096] Endgame KRN-KRN} Rh1 36. Kb5 Rxh3 37. Nd5 g5 38. Ra1 g4 (38... Nf6 $5 {[%cal Rf6d5]} 39. Kc4 Rh4+ 40. Kc5 g4 $17) 39. Rg1 (39. Kc4 $11 {remains equal.}) 39... Rh5 40. Kc4 Rg5 41. Kd4 e6 42. Ne3 Nh6 43. Ke4 e5 44. Nf1 Ke6 45. Ng3 Nf7 46. Ke3 Nd6 47. c3 Rg8 48. Rf1 (48. Rh1 $17 {might work better.}) 48... Rh8 49. Rg1 $2 (49. Rb1 $17) 49... Rh2 $19 50. Nf1 {[#]} Nf5+ $1 51. Kd3 g3 ({Better is} 51... Rh3+ $19 52. Kd2 Rf3) 52. Nxh2 $11 {The position is equal.} gxh2 53. Rh1 {[%cal Rh1h2]} e4+ $1 {[%mdl 64] Decoy} 54. Kxe4 Ng3+ {[%mdl 64] Double Attack} 55. Kf3 Nxh1 56. Kg2 {[%mdl 64] Double Attack. Quite a comeback for White.  Weighted Error Value: White=0.26/Black=0.26} 1/2-1/2

[Event "Romanian Open 2021"]
[Site "Alba Iulia"]
[Date "2021.11.25"]
[Round "7.11"]
[White "Jiros, Doru"]
[Black "Sava, Robert-Gabriel"]
[Result "0-1"]
[WhiteElo "2020"]
[BlackElo "1735"]
[Annotator "TA"]
[PlyCount "116"]
[EventDate "2021.11.21"]
[EventType "swiss"]
[EventCountry "ROU"]
[SourceTitle "playchess.com"]
[Source "ChessBase"]
[SourceQuality "1"]

{[%evp 11,116,-17,5,-19,0,0,0,-15,0,0,22,21,19,18,35,10,29,10,8,4,11,10,5,20,16,0,0,-26,-26,-25,-18,-14,78,-3,0,-47,-48,-47,-36,-138,-122,-209,-139,-330,-203,-217,-96,-82,-62,-210,-193,-358,-131,-147,-131,-258,-163,-181,8,8,12,13,15,-164,-139,-179,-53,-68,-63,-86,-78,-78,-66,-81,0,0,0,0,0,0,0,0,14,0,0,0,0,0,0,0,0,-8,-8,-8,-8,-431,-350,-666,-592,-560,-471,-1777,-1458,-29987,-29988,-29988,-29989]} 1. b3 e5 2. Bb2 Nc6 3. c4 Nf6 4. e3 d5 5. cxd5 Nxd5 6. a3 Be7 7. d3 {A01: Nimzowitsch-Larsen Opening.} O-O 8. Nf3 f6 9. Qc2 {The position is equal.} Be6 10. Be2 Qd7 11. O-O {[#]} Kh8 $146 ({Predecessor:} 11... Rfd8 12. Nbd2 a5 13. Rfd1 Qe8 14. d4 exd4 15. Nxd4 Nxd4 16. Bxd4 c5 17. Bb2 a4 {½-½ (30) Andreasson,I-Lederman,L (2410) Manchester 1980}) 12. Nbd2 Rfd8 13. Kh1 Rac8 14. Rg1 Nb6 15. Rgd1 Bf5 {[%cal Rf5d3]} 16. Nc4 Nxc4 17. bxc4 h6 18. Qc3 Qe6 19. Rd2 e4 20. Nd4 Nxd4 21. exd4 e3 {[#]} (21... Bd6 $11 {remains equal.}) 22. fxe3 (22. d5 $1 $16 {[%cal Rd5e6]} Qb6 (22... Qd7 23. fxe3) 23. d4 $1) 22... Qxe3 $11 23. Rf1 (23. Bf3 $5 {[%cal Rd2e2]} Qg5 24. Re1 $11 (24. Bxb7 Rb8 $11)) 23... Qg5 24. g3 Bh3 $36 {[%mdl 2048] Black is more active.} 25. Rg1 {[#]} (25. Rf2 $15) 25... Rxd4 $3 $17 {[%mdl 512]} 26. Rdd1 (26. Qc2 $17 Bc5 27. Bf3) 26... Bc5 27. Qe1 $2 (27. Qd2 $17 {was called for.}) 27... Rd7 28. d4 {[#]} Qe3 29. Bh5 Qb3 30. Rd2 ({Better is} 30. Qc3 $1 $15 Qxc3 31. Bxc3) 30... Bxa3 31. Re2 (31. Bxa3 Qxa3 32. Qd1) 31... Rdd8 $2 ({Avoid the trap} 31... Bxb2 $2 32. Re8+ Kh7 33. Qe4+ f5 34. Qe6 $18) (31... Qxc4 $19 32. Re8+ Bf8) 32. Bxa3 Qxa3 33. Re7 (33. Re3 $17 Qa4 34. g4 Rxd4 35. g5) 33... Qd6 34. Qe3 {intending g4.} Qxd4 (34... c5 $19 35. d5 b5) 35. g4 $11 {aiming for Re8+.} Qxe3 36. Rxe3 Kh7 {And now ...Rd4 would win.} 37. Rge1 $2 {[#]} (37. Bf7 $1 $11 {and White has nothing to worry.}) 37... Rg8 $1 38. Re7 (38. Bf7 Bxg4) 38... f5 (38... Kh8 $19 {Threatens to win with ...g6.} 39. R1e3 {[#]} g6 $1 40. Rxh3 a5) 39. Bf7 $1 $15 Bxg4 {Strongly threatening ...Rgd8.} 40. Be6 Bf3+ 41. Kg1 Be4 42. Kf2 Rge8 (42... Rcd8 $17 {White must now prevent ...Rgf8.} 43. Rg1 h5 44. Bxg8+ Rxg8 45. Rxc7 h4) 43. Bxf5+ $11 Bxf5 44. Rxe8 Rxe8 45. Rxe8 {[%mdl 4096] Endgame KR-KB} Bd3 46. c5 a5 47. Re7 a4 {...a3 is the strong threat.} 48. Rxc7 Be4 49. Re7 Bc6 50. Re3 Kg6 51. Ke2 Kf5 52. Kd3 h5 {With the idea ...g5.} 53. Kc4 $2 {[%mdl 8192]} (53. Rh3 $1 $11) 53... g5 $19 54. Kb4 $2 (54. Kd3 h4 55. Ke2) 54... Kf4 55. Re6 h4 56. Ka5 (56. Re7 $142 Kf3 57. h3) 56... g4 57. Rxc6 bxc6 58. Kb6 a3 {Weighted Error Value: White=0.73/Black=0.33} 0-1